PRACTICAL STATISTICS (Record no. 342984)
[ view plain ]
| 000 -LEADER | |
|---|---|
| fixed length control field | 00282 a2200133 4500 |
| 082 ## - DEWEY DECIMAL CLASSIFICATION NUMBER | |
| Classification number | 519.5 DAR |
| 090 ## - LOCALLY ASSIGNED LC-TYPE CALL NUMBER (OCLC); LOCAL CALL NUMBER (RLIN) | |
| -- | 422 |
| -- | 422 |
| 100 ## - MAIN ENTRY--PERSONAL NAME | |
| Personal name | DR. DARYAB SINGH |
| 245 ## - TITLE STATEMENT | |
| Title | PRACTICAL STATISTICS |
| 250 ## - EDITION STATEMENT | |
| Edition statement | VOL 2 |
| 260 ## - PUBLICATION, DISTRIBUTION, ETC. | |
| Place of publication, distribution, etc. | ATTANTIC |
| 490 ## - SERIES STATEMENT | |
| Volume/sequential designation | VOL 2 |
| 942 ## - ADDED ENTRY ELEMENTS (KOHA) | |
| Institution code [OBSOLETE] | NBS |
| Koha item type | Book |
| Call number prefix | 519.5 DAR |
| Withdrawn status | Lost status | Damaged status | Not for loan | Permanent Location | Current Location | Date acquired | Total Checkouts | Full call number | Barcode | Date last seen | Date last checked out | Price effective from | Koha item type |
|---|---|---|---|---|---|---|---|---|---|---|---|---|---|
| Central Library (CL) | Central Library (CL) | 08/28/2013 | 1 | 519.5 DAR | NBS5456 | 11/23/2017 | 08/30/2017 | 08/28/2013 | Book |
